000 00619nam a2200205Ia 4500
003 IN-BaIIA
008 211028s9999 xx 000 0 eng d
040 _cIIA Library
080 _a521.9
_bSMA
100 _aSmart, W. M.
_91092
245 0 _aText-book on spherical astronomy
_cW. M. Smart
250 _a4th ed
260 _aCambridge
_bCambridge University Press
_c1947
300 _axii, 430p.
500 _aDonated by Mrs. Bappu
650 _aAstronomy and Astrophysics Thesaurus
650 _aCelestial Mechanics
650 _aSpherical Astronomy
942 _cBK
999 _c7696
_d7696